Kluby Premier League 2015/16 - Statystyki

Ogólne statystyki
  • Ten quiz został rozwiązany 23 razy
  • Średni wynik to 16 z 20
Statystyki odpowiedzi
nr nazwa % Poprawnych
8. Liverpool
100%
4. Manchester City
100%
5.. Manchester United
100%
2. Arsenal
95%
10. Chelsea
95%
1. Leicester City
95%
3. Tottenham Hotspur
95%
17. Sunderland
91%
20. Aston Villa
86%
11. Everton FC
86%
18. Newcastle United
86%
7. West Ham United
86%
15. Crystal Palace
77%
19. Norwich City
73%
6. Southampton
73%
16. AFC Bournemouth
68%
12. Swansea City
68%
9. Stoke City
55%
14. West Bromwich Albion
55%
13. Watford FC
18%
Nie znaleziono quizów pasujących do podanych kryteriów
Rozkład punktacji
Procent ludzi z każdym wynikiem
Percentyl według liczby udzielonych odpowiedzi
Twoja historia wyników
Nie rozwiązałeś tego quizu